| Tag |
First Indicator |
Second Indicator |
Subfields |
| LEADER |
00000cam a2200000Ia 4500 |
| 001 |
in00001596708 |
| 005 |
20151022181550.0 |
| 007 |
hd afa---bccu |
| 007 |
hd bfa---baau |
| 007 |
hd bfa---babu |
| 008 |
010321r19391936txu ab 000 0ceng d |
| 035 |
|
|
|a (OCoLC)ocm46504686
|
| 037 |
|
|
|a USAIN TX SL AG 95
|b TXA
|f microfilm
|
| 040 |
|
|
|a TXA
|c TXA
|d UtOrBLW
|
| 043 |
|
|
|a n-us-tx
|
| 049 |
|
|
|a TXAM
|
| 090 |
|
|
|a S117
|b .U8 reel 95.6
|
| 100 |
1 |
|
|a Geiser, Samuel Wood,
|d 1890-1983.
|
| 245 |
1 |
0 |
|a Scientific study and exploration in early Texas /
|c by Samuel Wood Geiser.
|
| 246 |
1 |
5 |
|a Century of scientific exploration in Texas, 1820-1880
|
| 264 |
|
1 |
|a Dallas, Tex. :
|b Southern Methodist university,
|c 1939.
|
| 300 |
|
|
|a pages 41-55, 29-52 ;
|c 23 cm.
|
| 336 |
|
|
|a text
|b txt
|2 rdacontent
|
| 337 |
|
|
|a microform
|b h
|2 rdamedia
|
| 338 |
|
|
|a microfilm reel
|b hd
|2 rdacarrier
|
| 500 |
|
|
|a "Handlist of scientific workers and naturalists of early Texas, based on investigations extending over the past ten years."--Prefatory note.
|
| 500 |
|
|
|a Consists of two papers reprinted from Field & laboratory; the first paper from volume 4, number 2, April 1936 and the second from volume 7, number 1, January 1939.
|
| 504 |
|
|
|a Includes bibliographical references.
|
| 533 |
|
|
|a Microfilm.
|b College Station, Tex. :
|c Microfilmed by Southwest Micropublishing, Inc. on behalf of Texas A&M University General Libraries,
|d 2000.
|e 1 microfilm reel ; 35 mm.
|f (USAIN state and local literature preservation project, Texas ; reel 95.6
|
| 500 |
|
|
|a Microform.
|
| 650 |
|
0 |
|a Scientists
|z Texas.
|
| 650 |
|
0 |
|a Naturalists
|z Texas.
|
| 651 |
|
0 |
|a Texas
|v Biography.
|
| 730 |
0 |
|
|a Field & laboratory.
|
| 776 |
0 |
|
|c Original
|w (OCoLC)05068546
|
| 830 |
|
0 |
|a USAIN state and local literature preservation project, Texas ;
|v reel 95.6.
|
| 948 |
|
|
|a cataloged
|b h
|c 2001/3/21
|d o
|e jspillan
|f 11:04:19 am
|
| 994 |
|
|
|a E0
|b TXA
|
| 999 |
|
|
|a MARS
|
| 999 |
f |
f |
|s b8e23082-c5be-3b1e-80ba-170f630f0608
|i ae3050f6-9019-37fc-bc46-68c025a0649c
|t 0
|
| 952 |
f |
f |
|p normal
|a Texas A&M University
|b College Station
|c Sterling C. Evans Library
|d Evans: Microforms Film (3rd floor)
|t 0
|e S117 .U8 reel 95
|h Library of Congress classification
|i microform -- microfilm reel
|m A14827178724
|
| 952 |
f |
f |
|a Texas A&M University
|b College Station
|c Sterling C. Evans Library
|d Evans: Microforms Film (3rd floor)
|t 0
|e S117 .U8 reel 95
|h Library of Congress classification
|
| 998 |
f |
f |
|a S117 .U8 reel 95
|t 0
|l Evans: Microforms Film (3rd floor)
|